000
00217nam a2200097Ia 4500
008
191206s9999 xx 000 0 und d
020
_a
9.78178E+12
090
_a
PR6113.A6215
245
0
_a
IN DEPENDENCE
260
_c
c2008
999
_c
16205
_d
16205